000 00193 a2200097 4500
001 22704
100 _aArnold, T.
245 _aLegacy of Islam
260 _a
_bOxford
_c
090 _c15348
_d15348
942 _aNUST-CAE
_cM
_c5945
999 _c257777
_d257777